00000000nam##2200000za#4500
0019.574541
003CaOODSP
00520210624184231
007cr |||||||||||
008150406|2006||||xxc|||||o    f|0| 0 eng|d
040 |aCaOODSP|beng
043 |an-cn---
0861 |aTU3-5/06-39E-PDF
1102 |aTransportation Safety Board of Canada.
24510|aCargo door opening on take-Off - Kelowna Flightcraft Air Charter Ltd. Boeing 727-227 C-GJKF, Regina, Saskatchewan, 13 December 2006 |h[electronic resource]
260 |aGatineau - Quebec : |bTransportation Safety Board of Canada |c2007.
300 |a7p.|bphotographs
4901 |aAviation investigation report |vA06C0204
500 |a"The Board authorized the release of this report on 08 November 2007" --p.7.
590 |a12-33-Supp|b2012-07-18
77508|tOuverture d'une porte de soute au décollage du Boeing 727-227 C-GJKF, exploité par Kelowna Flightcraft Air Charter Ltd. à Regina (Saskatchewan), le 13 décembre 2006 |w(CaOODSP)9.604285
830#0|aAviation investigation report ;|vA06C0204|w(CaOODSP)9.504825
85640|ahttp://publications.gc.ca|qPDF|s192 KB|uhttps://publications.gc.ca/collections/collection_2012/bst-tsb/TU3-5-06-39-eng.pdf|yA06C0204